Quantum Mechanics /

-д хадгалсан:
Номзүйн дэлгэрэнгүй
Үндсэн зохиолч: Messiah, Albert (autor)
Формат: Ном
Хэл сонгох:англи
Хэвлэсэн: Nueva York, EUA : Wiley, 1976
Нөхцлүүд:
Шошгууд: Шошго нэмэх
Шошго байхгүй, Энэхүү баримтыг шошголох эхний хүн болох!

MARC

LEADER 00000nam^a2200000^a^4500
001 000026383
005 20250521000000.0
009 20260310084729.328
020 |a 0-471-59766-X 
037 |a Acervo ITESO - Biblioteca 
041 |a ING 
082 |a 530. 12  |b MES 
100 |a Messiah, Albert  |e (autor) 
245 1 0 |a Quantum Mechanics /  |c A. Messiah; tr. por: G.M. Temmer y J. Potter. 
264 1 |a Nueva York, EUA :  |b Wiley,  |c 1976 
300 |a 2 v. 
336 |a texto  |b txt  |2 rdacontenido 
337 |a sin mediación  |b n  |2 rdamedio 
338 |a volumen  |b nc  |2 rdasoporte 
500 |a Traducción de: Mécanique Quantique 
649 |a XX 
650 |a Física Nuclear 
650 |a Relatividad (Física) 
600 |a Mecánica Cuántica 
910 |a Fondo General 
920 |a Impresos - Libros 
930 |a Colección General 
905 |a 101 
901 |a 0263830100  |b IT1  |c ACC  |i 026383  |u 20250521 
901 |a 0263830102  |b IT1  |c ACC  |i 904074  |u 20250521 
902 |a https://opac.biblio.iteso.mx/vufind/Record/000026383